Statistics for Major Houses of Westeros (ASOIAF / Game of Thrones)

Click here to take the quiz!

General Stats

  • This quiz has been taken 779 times
    (760 since last reset)
  • The average score is 44 of 95

Answer Stats

SigilHouse% Correct
Grey direwolfHouse Stark of Winterfell
100%
Flayed manHouse Bolton of the Dreadfort
97%
Black bearHouse Mormont of Bear Island
95%
Silver troutHouse Tully of Riverrun
95%
Golden lionHouse Lannister of Casterly Rock
94%
Golden roseHouse Tyrell of Highgarden
94%
Blue falconHouse Arryn of the Eyrie
93%
Crowned stagHouse Baratheon of Storm's End
93%
Red sunHouse Nymeros Martell of Sunspear
93%
Two towersHouse Frey of the Crossing
92%
White sunburstHouse Karstark of Karhold
92%
Three-headed dragonHouse Targaryen of Dragonstone
92%
Golden krakenHouse Greyjoy of Pyke
91%
Three dogsHouse Clegane of Clegane's Keep
87%
Roaring giantHouse Umber of the Last Hearth
87%
Striding huntsmanHouse Tarly of Horn Hill
85%
White mermanHouse Manderly of White Harbor
83%
White watchtowerHouse Hightower of the Hightower
78%
Black lizard-lionHouse Reed of Greywater Watch
78%
White swordHouse Dayne of Starfall
74%
Mailed fistHouse Glover of Deepwood Motte
74%
Bronze runesHouse Royce of Runestone
74%
Stone headHouse Baelish of the Fingers
72%
Silver seahorseHouse Velaryon of Driftmark
66%
Dead weirwoodHouse Blackwood of Raventree Hall
65%
Purple lightningHouse Dondarrion of Blackhaven
65%
Grape clusterHouse Redwyne of the Arbor
65%
Red-gold foxHouse Florent of Brightwater Keep
63%
Black shipHouse Seaworth of Cape Wrath
63%
Wheat stalksHouse Selmy of Harvest Hall
63%
Red stallionHouse Bracken of Stone Hedge
60%
Two griffinsHouse Connington of Griffin's Roost
59%
Yellow sunsHouse Tarth of Evenfall Hall
59%
Six shellsHouse Westerling of the Crag
59%
Silver eagleHouse Mallister of Seagard
58%
Brown bullmooseHouse Hornwood of Hornwood
56%
Black portcullisHouse Yronwood of Yronwood
55%
Two swansHouse Swann of Stonehelm
52%
Two longaxesHouse Dustin of Barrowton
51%
Oak leavesHouse Oakheart of Old Oak
51%
Nine batsHouse Whent of Harrenhal
51%
Red crabsHouse Celtigar of Claw Isle
50%
Red appleHouse Fossoway of Cider Hall
47%
Silver scytheHouse Harlaw of Harlaw
47%
Black plowmanHouse Darry of Darry
42%
Three treesHouse Tallhart of Torrhen's Square
42%
Red salmonHouse Mooton of Maidenpool
41%
Three ravensHouse Corbray of Heart's Home
40%
Brindled boarHouse Crakehall of Crakehall
39%
Sea turtleHouse Estermont of Greenstone
39%
Horse's headHouse Ryswell of the Rills
39%
White lambHouse Stokeworth of Stokeworth
38%
Dancing maidenHouse Piper of Pinkmaiden
37%
Burning treeHouse Marbrand of Ashemark
35%
Red castleHouse Redfort of Redfort
34%
Golden cornucopiaHouse Merryweather of Longtable
31%
Broken wheelHouse Waynwood of Ironoaks
31%
Three chevronelsHouse Rosby of Rosby
30%
Blue swordfishHouse Bar Emmon of Sharp Point
29%
Purple unicornHouse Brax of Hornvale
29%
Golden treeHouse Rowan of Goldengrove
29%
Black warhornHouse Goodbrother of Hammerhorn
28%
Black adderHouse Wyl of the Boneway
28%
Hooded hawkHouse Fowler of Skyreach
25%
Three shipsHouse Farman of Faircastle
24%
Five arrowsHouse Hunter of Longbow Hall
24%
Two quillsHouse Penrose of Parchments
24%
Three scorpionsHouse Qorgyle of Sandstone
24%
Red rayonneHouse Uller of Hellholt
24%
Silver fishesHouse Botley of Lordsport
22%
Four eyesHouse Vance of Wayfarer's Rest
22%
Bone handHouse Drumm of Old Wyk
21%
Triple spiralHouse Massey of Stonedance
21%
Black nightingalesHouse Caron of Nightsong
20%
Green vairyHouse Blacktyde of Blacktyde
19%
Six bellsHouse Belmore of Strongsong
18%
Black vultureHouse Blackmont of Blackmont
18%
Inverted pileHouse Lefford of the Golden Tooth
18%
Golden handHouse Allyrion of Godsgrace
17%
Three bucklesHouse Buckler of Bronzegate
17%
Two warhammersHouse Rykker of Duskendale
17%
Nine starsHouse Templeton of Ninestars
17%
Yellow centaurHouse Caswell of Bitterbridge
16%
Seven starsHouse Sunglass of Sweetport Sound
16%
White sun-and-chevronHouse Ashford of Ashford
14%
Yellow towerHouse Grafton of Gulltown
14%
Golden quillHouse Jordayne of the Tor
14%
White badgerHouse Lydden of Deep Den
13%
Black-and-orange butterfliesHouse Mullendore of Uplands
13%
Three panthersHouse Vaith of the Red Dunes
13%
Red oxHouse Prester of Feastfires
11%
Blue-green maelstromHouse Wylde of the Rain House
11%
Bloody moonHouse Wynch of Iron Holt
11%
Green dragonHouse Toland of Ghost Hill
10%
Stabbed heartHouse Staedmon of Broad Arch
8%

Score Distribution

Percentile by Number Answered

Percent of People with Each Score

Your Score History

You have not taken this quiz since the last reset